Reinštalácia expozície Vojenského historického múzea vo Svidníku

Bibliographic Details
Main Author: Tomiskin, Adrián (Author)
Format: Article
Language:Slovak
Subjects:

MARC

LEADER 00000nab a2200000Ia 4500
001 vtls010801966
003 SK-MaSNL
005 20260304235119.0
008 230131|2012 xo |||||||||||||||||slo|
035 |a (urnnbn)urn:nbn:sk:snk:ar-a02rs2 
035 |a (uuid)50280c04-8da1-4736-97ed-f83008d8f774 
035 |a urn:nbn:sk:snk-ab4n1e 
040 |a SNKBUCL  |b slo  |c SNKBUCL  |e AACR2 
041 0 |a slo 
044 |a xo  |c SK 
080 |a 069  |2 2001 
080 |a (437.671.123.169)  |2 2001 
080 |a 93/94  |2 2001 
100 1 |a Tomiskin, Adrián  |4 aut  |9 1572262 
245 1 0 |a Reinštalácia expozície Vojenského historického múzea vo Svidníku  |c Adrián Tomiskin 
610 2 7 |a Vojenské múzeum (Svidník, Slovensko)  |2 SNKKA  |9 59546 
648 7 |a 1914-1945  |2 SNK  |9 341225 
650 0 7 |a múzeá  |2 SNKPH  |9 4119 
650 0 7 |a dejiny  |2 SNKPH  |9 3825 
651 7 |a Svidník (Slovensko)  |2 SNKPH  |9 28309 
773 0 |t Múzeum : študijný a informačný materiál  |g Roč. 58, č. 2 (2012), s. 24-26 
954 |a odborná, vedecká literatúra pôvodná (slovenská)  |2 lita 
958 |a OND 
958 |a EUIPO 
958 |a article3 
999 |c 3207482  |d 3209412